ბათუმის შოთა რუსთაველის სახელმწიფო უნივერსიტეტის ბიბლიოთეკა

Rehabilitation bei Sehbehinderung und Blindheit / (ბიბ.ჩანაწერი № 57925)

000 -LEADER
fixed length control field 00742nam a22001937a 4500
005 - DATE AND TIME OF LATEST TRANSACTION
control field 20210407152013.0
008 - FIXED-LENGTH DATA ELEMENTS--GENERAL INFORMATION
fixed length control field 210331s2013 gw ||||| |||| 00| 0 goh d
020 ## - INTERNATIONAL STANDARD BOOK NUMBER
International Standard Book Number 9783642298684
041 ## - LANGUAGE CODE
Language code of text/sound track or separate title goh
080 ## - UNIVERSAL DECIMAL CLASSIFICATION NUMBER
Universal Decimal Classification number 617.75+376.2 M-29
100 ## - MAIN ENTRY--PERSONAL NAME
Personal name Maritzen , Astrid
9 (RLIN) 10972
245 ## - TITLE STATEMENT
Title Rehabilitation bei Sehbehinderung und Blindheit /
Statement of responsibility, etc. Astrid Maritzen, Norbert Kamps.
264 ## - PRODUCTION, PUBLICATION, DISTRIBUTION, MANUFACTURE, AND COPYRIGHT NOTICE
Place of production, publication, distribution, manufacture Heidelberg :
Name of producer, publisher, distributor, manufacturer Springer,
Date of production, publication, distribution, manufacture, or copyright notice 2013.
300 ## - PHYSICAL DESCRIPTION
Extent 244 p.
Other physical details 25 cm.
653 ## - INDEX TERM--UNCONTROLLED
keyword რეაბილიტაცია მხედველობა დაქვეითებული და სიბრმავეებისთვის
653 ## - INDEX TERM--UNCONTROLLED
keyword მედიცინა
700 ## - ADDED ENTRY--PERSONAL NAME
Personal name Kamps, Norbert
Relator term ავტორი
9 (RLIN) 10973
942 ## - ADDED ENTRY ELEMENTS (KOHA)
Source of classification or shelving scheme
Koha item type წიგნი
ეგზემპლარები
Withdrawn status Lost status Source of classification or shelving scheme Damaged status Not for loan Permanent Location Current Location Shelving location Date acquired Cost, normal purchase price Full call number Barcode Date last seen Copy number Price effective from Koha item type Public note
          ბათუმის შოთა რუსთაველის სახელმწიფო უნივერსიტეტის მთავარი ბიბლიოთეკა ბათუმის შოთა რუსთაველის სახელმწიფო უნივერსიტეტის მთავარი ბიბლიოთეკა წიგნსაცავი 2021-03-31 277.00 617.75+376.2 M-29 61282 2021-03-31 61282 2021-03-31 წიგნი 277 ლ.